<?xml version="1.0" encoding="UTF-8"?>
<record
    xmlns:xsi="http://www.w3.org/2001/XMLSchema-instance"
    xsi:schemaLocation="http://www.loc.gov/MARC21/slim http://www.loc.gov/standards/marcxml/schema/MARC21slim.xsd"
    xmlns="http://www.loc.gov/MARC21/slim">

  <leader>01376nam a2200337   4500</leader>
  <controlfield tag="001">3732103</controlfield>
  <controlfield tag="005">20150305095052.0</controlfield>
  <controlfield tag="007">000</controlfield>
  <controlfield tag="008">000  </controlfield>
  <datafield tag="010" ind1=" " ind2=" ">
    <subfield code="a">   81000130 </subfield>
  </datafield>
  <datafield tag="020" ind1=" " ind2=" ">
    <subfield code="a">0841206082</subfield>
  </datafield>
  <datafield tag="040" ind1=" " ind2=" ">
    <subfield code="a">UOEL</subfield>
    <subfield code="c">DLC</subfield>
    <subfield code="d">DLC</subfield>
  </datafield>
  <datafield tag="050" ind1="0" ind2="0">
    <subfield code="a">RA1229</subfield>
    <subfield code="b">.C43</subfield>
  </datafield>
  <datafield tag="082" ind1="0" ind2="0">
    <subfield code="a">615.9/02</subfield>
    <subfield code="2">19</subfield>
  </datafield>
  <datafield tag="100" ind1=" " ind2=" ">
    <subfield code="a">Choudhary, Gangadhar</subfield>
  </datafield>
  <datafield tag="245" ind1="0" ind2="0">
    <subfield code="a">Chemical hazards in the workplace :</subfield>
    <subfield code="b">measurement and control /</subfield>
    <subfield code="c">Gangadhar Choudhary, editor.</subfield>
  </datafield>
  <datafield tag="260" ind1=" " ind2=" ">
    <subfield code="a">Washington, D.C. :</subfield>
    <subfield code="b">American Chemical Society,</subfield>
    <subfield code="c">c1981.</subfield>
  </datafield>
  <datafield tag="300" ind1=" " ind2=" ">
    <subfield code="a">xii, 628 p. :</subfield>
    <subfield code="b">ill. ;</subfield>
    <subfield code="c">24 cm.</subfield>
  </datafield>
  <datafield tag="440" ind1=" " ind2="0">
    <subfield code="a">ACS symposium series ;</subfield>
    <subfield code="v">149</subfield>
  </datafield>
  <datafield tag="500" ind1=" " ind2=" ">
    <subfield code="a">"Based on a symposium sponsored by the Division of Chemical Health and Safety at the Second Chemical Congress of the North American Continent (180th ACS National Meeting), Las Vegas, Nevada, August 25-28, 1980."</subfield>
  </datafield>
  <datafield tag="504" ind1=" " ind2=" ">
    <subfield code="a">Includes bibliographies and index.</subfield>
  </datafield>
  <datafield tag="650" ind1=" " ind2="0">
    <subfield code="a">Industrial toxicology</subfield>
    <subfield code="x">Congresses.</subfield>
  </datafield>
  <datafield tag="650" ind1=" " ind2="0">
    <subfield code="a">Industrial hygiene</subfield>
    <subfield code="x">Congresses.</subfield>
  </datafield>
  <datafield tag="650" ind1=" " ind2="0">
    <subfield code="a">Environmental monitoring</subfield>
    <subfield code="x">Congresses.</subfield>
  </datafield>
  <datafield tag="650" ind1=" " ind2="0">
    <subfield code="a">Work environment</subfield>
    <subfield code="x">Congresses.</subfield>
  </datafield>
  <datafield tag="700" ind1="1" ind2=" ">
    <subfield code="a">Choudhary, Gangadhar,</subfield>
    <subfield code="d">1935-</subfield>
  </datafield>
  <datafield tag="710" ind1="2" ind2=" ">
    <subfield code="a">American Chemical Society.</subfield>
    <subfield code="b">Division of Chemical Health and Safety.</subfield>
  </datafield>
  <datafield tag="711" ind1="2" ind2=" ">
    <subfield code="a">Chemical Congress of the North American Continent</subfield>
    <subfield code="n">(2nd :</subfield>
    <subfield code="d">1980 :</subfield>
    <subfield code="c">Las Vegas, Nev.)</subfield>
  </datafield>
  <datafield tag="906" ind1=" " ind2=" ">
    <subfield code="a">7</subfield>
    <subfield code="b">cbc</subfield>
    <subfield code="c">orignew</subfield>
    <subfield code="d">1</subfield>
    <subfield code="e">ocip</subfield>
    <subfield code="f">19</subfield>
    <subfield code="g">y-gencatlg</subfield>
  </datafield>
  <datafield tag="942" ind1=" " ind2=" ">
    <subfield code="2">lcc</subfield>
    <subfield code="c">LL</subfield>
  </datafield>
  <datafield tag="999" ind1=" " ind2=" ">
    <subfield code="c">2582</subfield>
    <subfield code="d">2582</subfield>
  </datafield>
  <datafield tag="952" ind1=" " ind2=" ">
    <subfield code="0">0</subfield>
    <subfield code="1">0</subfield>
    <subfield code="2">lcc</subfield>
    <subfield code="4">0</subfield>
    <subfield code="7">0</subfield>
    <subfield code="a">UOE</subfield>
    <subfield code="b">UOE</subfield>
    <subfield code="c">GEN</subfield>
    <subfield code="d">2015-03-05</subfield>
    <subfield code="l">0</subfield>
    <subfield code="o">RA1229 .C43</subfield>
    <subfield code="p">10065833</subfield>
    <subfield code="r">2026-04-27 11:56:02</subfield>
    <subfield code="t">10065833</subfield>
    <subfield code="w">2015-03-05</subfield>
    <subfield code="y">LL</subfield>
  </datafield>
  <datafield tag="952" ind1=" " ind2=" ">
    <subfield code="0">0</subfield>
    <subfield code="1">0</subfield>
    <subfield code="2">lcc</subfield>
    <subfield code="4">0</subfield>
    <subfield code="7">0</subfield>
    <subfield code="a">UOE</subfield>
    <subfield code="b">UOE</subfield>
    <subfield code="c">GEN</subfield>
    <subfield code="d">2015-03-05</subfield>
    <subfield code="l">0</subfield>
    <subfield code="o">RA1229 .C43</subfield>
    <subfield code="p">10065832</subfield>
    <subfield code="r">2026-04-27 11:56:02</subfield>
    <subfield code="t">10065832</subfield>
    <subfield code="w">2015-03-05</subfield>
    <subfield code="y">LL</subfield>
  </datafield>
  <datafield tag="952" ind1=" " ind2=" ">
    <subfield code="0">0</subfield>
    <subfield code="1">0</subfield>
    <subfield code="2">lcc</subfield>
    <subfield code="4">0</subfield>
    <subfield code="7">0</subfield>
    <subfield code="a">UOE</subfield>
    <subfield code="b">UOE</subfield>
    <subfield code="c">GEN</subfield>
    <subfield code="d">2015-03-05</subfield>
    <subfield code="l">0</subfield>
    <subfield code="o">RA1229 .C43</subfield>
    <subfield code="p">10065830</subfield>
    <subfield code="r">2026-04-27 11:56:02</subfield>
    <subfield code="t">10065830</subfield>
    <subfield code="w">2015-03-05</subfield>
    <subfield code="y">LL</subfield>
  </datafield>
  <datafield tag="952" ind1=" " ind2=" ">
    <subfield code="0">0</subfield>
    <subfield code="1">0</subfield>
    <subfield code="2">lcc</subfield>
    <subfield code="4">0</subfield>
    <subfield code="7">0</subfield>
    <subfield code="a">UOE</subfield>
    <subfield code="b">UOE</subfield>
    <subfield code="c">GEN</subfield>
    <subfield code="d">2015-03-05</subfield>
    <subfield code="l">0</subfield>
    <subfield code="o">RA1229 .C43</subfield>
    <subfield code="p">10065831</subfield>
    <subfield code="r">2026-04-27 11:56:01</subfield>
    <subfield code="t">10065831</subfield>
    <subfield code="w">2015-03-05</subfield>
    <subfield code="y">LL</subfield>
  </datafield>
</record>
